ARRUPE JESUIT UNIVERSITY

CORONAVIRUS -STOP THE SPREAD - CLEAN,DISINFECT,COVER

Moral imagination in Kaguru modes of thought (Record no. 7990)

MARC details
000 -LEADER
fixed length control field 00445nam a2200181Ia 4500
003 - CONTROL NUMBER IDENTIFIER
control field 0100
005 - DATE AND TIME OF LATEST TRANSACTION
control field 20170530084932.0
008 - FIXED-LENGTH DATA ELEMENTS--GENERAL INFORMATION
fixed length control field 130303s9999 xx 000 0 und d
020 ## - INTERNATIONAL STANDARD BOOK NUMBER
International Standard Book Number 1560982365
040 ## - CATALOGING SOURCE
Transcribing agency ARRUPELIB
050 ## - LIBRARY OF CONGRESS CALL NUMBER
Classification number DT443.3.K33B45 1993
100 ## - MAIN ENTRY--PERSONAL NAME
Personal name Beidelman, T.O.
9 (RLIN) 31583
245 ## - TITLE STATEMENT
Title Moral imagination in Kaguru modes of thought
260 ## - PUBLICATION, DISTRIBUTION, ETC. (IMPRINT)
Name of publisher, distributor, etc Smithsonian Institution Press
Place of publication, distribution, etc London
Date of publication, distribution, etc 1993
300 ## - PHYSICAL DESCRIPTION
Extent 231 p.
650 ## - SUBJECT ADDED ENTRY--TOPICAL TERM
Topical term or geographic name as entry element Kaguru (African)
General subdivision Philosophy
9 (RLIN) 31591
650 ## - SUBJECT ADDED ENTRY--TOPICAL TERM
Topical term or geographic name as entry element Kaguru
General subdivision Imagination
9 (RLIN) 31592
942 ## - ADDED ENTRY ELEMENTS (KOHA)
Source of classification or shelving scheme Library of Congress Classification
Koha item type Monograph ( Printed materials)
Holdings
Withdrawn status Lost status Source of classification or shelving scheme Damaged status Not for loan Collection code Home library Current library Shelving location Date acquired Total Checkouts Full call number Barcode Date last seen Date checked out Copy number Price effective from Koha item type
    Library of Congress Classification     Main Collection ARRUPE LIBRARY ARRUPE LIBRARY   04/03/2013 1 DT443.3.K33B45 1993 46003028818 07/12/2017 01/09/2015 1 04/03/2013 Monograph ( Printed materials)

 

Arrupe Library. PO Box MP320 Mt Pleasant, Harare, Zimbabwe
263 242 745411|librarian@aju.ac.zw